书目信息 |
| 题名: |
俄语姓名用法详解
|
|
| 作者: | 刘星华 著 | |
| 分册: | ||
| 出版信息: | 北京 对外贸易教育出版社 1987 |
|
| 页数: | 344页 | |
| 开本: | 19cm | |
| 丛书名: | ||
| 单 册: | ||
| 中图分类: | H35 | |
| 科图分类: | ||
| 主题词: | 俄语-姓名 , 姓名-俄语 , 俄语 | |
| 电子资源: | ||
| ISBN: | ||
| 000 | 00714nam0 2200277 45 | |
| 001 | 0187004478 | |
| 005 | 20040511152032.8 | |
| 010 | @dCNY1.75 | |
| 091 | @a9321.10 | |
| 100 | @a19900808d1987 km y0chiy0121 ea | |
| 101 | 0 | @achi |
| 102 | @aCN@b110000 | |
| 105 | @ay z 000yy | |
| 106 | @ar | |
| 200 | 10 | @a俄语姓名用法详解@Ae yu xing ming yong fa xiang jie@f刘星华著 |
| 210 | @a北京@c对外贸易教育出版社@d1987 | |
| 215 | @a344页@d19cm | |
| 300 | @a大中学生、教师、翻译参考书 | |
| 606 | @a俄语-姓名 | |
| 606 | @a姓名-俄语 | |
| 606 | 0 | @a俄语 |
| 690 | @aH35 | |
| 701 | 0 | @a刘星华@Aliu xing hua@4著 |
| 801 | 0 | @aCN@b深圳图书馆@c20040511 |
| 801 | 2 | @aCN@bNLC@c20040511 |
| 905 | @f1@b209958@dH35@e101 | |
| 俄语姓名用法详解/刘星华著.-北京:对外贸易教育出版社,1987 |
| 344页;19cm |
| 大中学生、教师、翻译参考书 |
| ISBN :CNY1.75 |
| ● |
| 相关链接 |
|
|
|
|
正题名:俄语姓名用法详解
索取号:H35/101
 
预约/预借
| 序号 | 登录号 | 条形码 | 馆藏地/架位号 | 状态 | 备注 |
| 1 | 0206350 | 001062815 | 第四借阅区/ [索取号:H35/101] | 在馆 | |
| 2 | 0206351 | 001062851 | 第四借阅区/ [索取号:H35/101] | 在馆 | |
| 3 | 0206352 | 001062771 | 第二样本阅览室/ [索取号:H35/101] | 在馆 | |
| 4 | 0209957 | 001062717 | 第四借阅区/ [索取号:H35/101] | 在馆 | |
| 5 | 0209958 | 001062726 | 第四借阅区/ [索取号:H35/101] | 在馆 | |
| 6 | 0209959 | 001062735 | 第四借阅区/ [索取号:H35/101] | 在馆 |